Loading...
| Fine Arts - Classical Music | 9 | 20.00 | 100% | 56% | 44% |
| Fine Arts - Other Fine Arts | 6 | 16.67 | 100% | 50% | 17% |
| Fine Arts - Painting and Sculpture | 4 | 15.00 | 100% | 50% | 0% |
| Geography | 2 | 20.00 | 100% | 100% | 0% |
| History - American History | 7 | 15.71 | 100% | 57% | 0% |
| History - European History | 4 | 17.50 | 100% | 50% | 25% |
| History - Other History | 5 | 10.00 | 60% | 40% | 0% |
| History - World History | 10 | 19.00 | 100% | 70% | 20% |
| Literature - American Literature | 6 | 18.33 | 100% | 83% | 0% |
| Literature - British Literature | 5 | 16.00 | 100% | 60% | 0% |
| Literature - European Literature | 7 | 15.71 | 100% | 29% | 29% |
| Literature - World Literature | 5 | 18.00 | 100% | 60% | 20% |
| Mythology | 4 | 12.50 | 100% | 25% | 0% |
| Other Academic | 3 | 13.33 | 100% | 33% | 0% |
| Philosophy | 7 | 11.43 | 100% | 0% | 14% |
| Pop Culture | 4 | 22.50 | 100% | 75% | 50% |
| Religion | 7 | 15.71 | 86% | 57% | 14% |
| Science - Biology | 6 | 21.67 | 100% | 83% | 33% |
| Science - Chemistry | 9 | 21.11 | 100% | 89% | 22% |
| Science - Other Science | 7 | 17.14 | 86% | 57% | 29% |
| Science - Physics | 9 | 18.89 | 100% | 67% | 22% |
| Social Science | 9 | 14.44 | 100% | 33% | 11% |